000 00661nam a2200169 4500
001 108667
003 ES-MaACL
005 20230906184701.0
007 t|
008 061121s1932 sp r ||||1| spa d
100 1 _aMonserrat, Gabriel.
_982296
245 1 3 _aEl poema del himno nacional argentino
_b: (estudio historial y crítico) /
_cGabriel Monserrat; con un prefacio de Manuel Carlés y con el poema de los himnos de todas las naciones, con antecedentes y juicios críticos en algunos.
260 _aBuenos Aires :
_bLibrería del Colegio,
_c1932.
300 _aXXXII, 566 p. ;
_c22 cm.
700 1 _aCarlés, Manuel.
_935265
852 _aES-MaACL
_jA-582
999 _c108667
_d108667